000 00532nam a2200217Ia 4500
003 OSt
005 20220928145326.0
006 a|||||r|||| 00| 0
007 ta
008 220927b |||||||| |||| 00| 0 eng d
024 _a80170
037 _cTextual
040 _aSDCL
_cSDCL
_beng
041 _2eng
_aeng
082 _aR4, L3
100 _aBecker Lawrence C
_9512608
245 0 _aOn justifying moral judgements.
260 _c1973
942 _hR4, L3
_cTEXL
_2CC
999 _c833217
_d833217